| 000 | 01794nam0a2200373 4500 | ||
|---|---|---|---|
| 001 | RU\NLR\BIBL_A\011517020 | ||
| 005 | 20260405190220.0 | ||
| 010 |
_a9785906644268 _91000 |
||
| 021 |
_aRU _b2017-76458 _95460 |
||
| 035 | _a(RuMoRGB)009415821 | ||
| 035 | _a(NLR Aleph) 011517020 | ||
| 090 |
_a12077233 _c12077233 |
||
| 100 | _a20171107d2017 u y0rusy50 ca | ||
| 101 | 0 |
_arus _aeng |
|
| 102 | _aRU | ||
| 105 | _aach z 000zy | ||
| 200 | 1 |
_aНаш генерал _eисторический документально-художественный роман в четырех частях _fЛюдмила Максимчук |
|
| 205 | _aИзд. 3-е, уточненное и доп. | ||
| 210 |
_aМосква _c[б. и.] _d2017 |
||
| 215 |
_a882, [5] с., [8] л. цв. ил., портр., факс. _cил., портр., факс. _d25 |
||
| 225 | 1 | _aСерия "Не все сгорает…" | |
| 300 | _aПредисл. на англ. яз. | ||
| 320 | _aБиблиогр. в конце кн. | ||
| 327 | 1 | _aСодерж.: части: Портрет огнеборца ; Письма ; Летопись - сорок семь : поэма ; Из рабочих записей | |
| 600 | 1 |
_aМаксимчук _bВ.М. _f1947 - 1994 _gВладимир Михайлович _92434491 _3RU\NLR\AUTH\661448777 |
|
| 686 |
_aЦ69,6(2)0-243д.Максимчук В.М. _2rubbk |
||
| 686 |
_aЦ4,6(2Р)243д.Максимчук В.М. _2rubbk |
||
| 686 | _aН96д(2)Максимчук | ||
| 700 | 1 |
_8rus _7ca _aМаксимчук _bЛ. В. _f1948- _gЛюдмила Викторовна _3RU\NLR\AUTH\7782409 _965337 |
|
| 702 | 1 |
_aМаксимчук _bВ. М. _f1947-1994 _gВладимир Михайлович _4570 |
|
| 942 | _cBOOK | ||
| 980 | _aNBR | ||